Normal view
MARC view
Entry Personal Name
001 - CONTROL NUMBER
- control field: 24924
003 - CONTROL NUMBER IDENTIFIER
- control field: ARRUPE
005 - DATE AND TIME OF LATEST TRANSACTION
- control field: 20160812100518.0
008 - FIXED-LENGTH DATA ELEMENTS
- fixed length control field: 160812|| aca||aabn | a|a d
040 ## - CATALOGING SOURCE
- Original cataloging agency: ARRUPE
- Transcribing agency: ARRUPE
100 ## - HEADING--PERSONAL NAME
- Personal name: Nineham, D. E.
- Fuller form of name: (Dennis Eric),
- Dates associated with a name: 1921-2016,
- Relator term: ed.
670 ## - SOURCE DATA FOUND
- Source citation: Work cat.: (ARRUPE)0: Nineham, D. E. (Dennis Eric), 1921-2016, ed., The Church's use of the Bible,, 1963.